Bezpečnosť práce a štrukturálne zmeny v národnom hospodárstve

Bibliographic Details
Main Author: Krajčovič, Juraj, 1930-2015 (Author)
Format: Article
Language:Slovak
PhysicalDescription:Res. rus., angl., lit. 6 zázn. v slov.
Subjects:

MARC

LEADER 00000nab a2200000 a 4500
001 vtls000356432
003 SK-MaSNL
005 20260305024332.0
008 230120c1989 xo 0 slo
015 |a SNBRB19rr/mm-uuuuu 
035 |a CL0356554 
035 |a urn:nbn:sk:snk-aban6a 
035 |a (urnnbn)urn:nbn:sk:snk:ar-a0aonb 
035 |a (uuid)a8a48a04-76d2-4b4c-8234-0ae784ace2cf 
040 |a SNKBUCL  |b slo  |c SNKBUCL  |e AACR2 
041 0 |a slo 
044 |a xo  |c SK 
080 |a 330.111.6:331.823  |2 1981 
080 |a 331.823  |2 1981 
100 1 |a Krajčovič, Juraj,  |d 1930-2015  |4 aut  |9 62576 
245 1 0 |a Bezpečnosť práce a štrukturálne zmeny v národnom hospodárstve  |c Juraj Krajčovič 
300 |b Res. rus., angl., lit. 6 zázn. v slov. 
650 0 7 |a národné hospodárstvo  |2 snkbucl  |9 846 
650 0 7 |a bezpečnosť práce  |2 snkbucl  |9 1296 
655 7 |a články z novín a časopisov  |2 snkbucl  |9 267496 
773 0 |t Bezpečná práca  |g Roč. 20, č. 3 (1989), s. 104-106 
850 |a Slovenská národná knižnica v Martine  |a MTA001 
852 |a SNK  |b KIS3GCP 
954 |a odborná, vedecká literatúra pôvodná (slovenská)  |2 lita 
958 |a RK 
958 |a OND 
958 |a EUIPO 
958 |a article14 
992 |a RBX 
999 |c 3301751  |d 3303681